Human Capital and Job Performance: (Record no. 4408)
[ view plain ]
| 000 -LEADER | |
|---|---|
| fixed length control field | nam a22 a 4500 |
| 005 - DATE AND TIME OF LATEST TRANSACTION | |
| control field | 20170530090527.0 |
| 008 - FIXED-LENGTH DATA ELEMENTS--GENERAL INFORMATION | |
| fixed length control field | 170530b1990 my ||||| |||| 00| 0 eng d |
| 040 ## - CATALOGING SOURCE | |
| Original cataloging agency | AKMAL |
| 082 ## - DEWEY DECIMAL CLASSIFICATION NUMBER | |
| Classification number | 658.312509595 TAN |
| 090 ## - LOCALLY ASSIGNED LC-TYPE CALL NUMBER (OCLC); LOCAL CALL NUMBER (RLIN) | |
| Classification number (OCLC) (R) ; Classification number, CALL (RLIN) (NR) | 658.312509595 |
| Local cutter number (OCLC) ; Book number/undivided call number, CALL (RLIN) | TAN |
| 100 ## - MAIN ENTRY--PERSONAL NAME | |
| Personal name | Tan Seng San |
| 9 (RLIN) | 8576 |
| 245 ## - TITLE STATEMENT | |
| Title | Human Capital and Job Performance: |
| Remainder of title | A Case Study of the Royal Customs and Excise Department, International Airport, Subang |
| Statement of responsibility, etc. | Tan Seng San |
| 260 ## - PUBLICATION, DISTRIBUTION, ETC. | |
| Place of publication, distribution, etc. | Malaysia |
| Date of publication, distribution, etc. | 1990 |
| 300 ## - PHYSICAL DESCRIPTION | |
| Extent | 225 p. |
| Dimensions | cm |
| 942 ## - ADDED ENTRY ELEMENTS (KOHA) | |
| Source of classification or shelving scheme | |
| Koha item type | Book |
| Withdrawn status | Lost status | Source of classification or shelving scheme | Damaged status | Not for loan | Collection code | Home library | Current library | Shelving location | Date acquired | Total Checkouts | Full call number | Barcode | Date last seen | Price effective from | Koha item type | Inventory number |
|---|---|---|---|---|---|---|---|---|---|---|---|---|---|---|---|---|
| NON-FICTION | AKMAL Melaka | AKMAL Melaka | RUJUKAN | 30.05.2017 | 658.312509595 TAN | 201706927 | 30.05.2017 | 30.05.2017 | Book | |||||||
| NON-FICTION | AKMAL Melaka | AKMAL Melaka | RUJUKAN | 30.05.2017 | 658.312509595 TAN | 201706978 | 30.05.2017 | 30.05.2017 | Book | |||||||
| NON-FICTION | AKMAL Melaka | AKMAL Melaka | RUJUKAN | 30.05.2017 | 658.312509595 TAN | 201706979 | 30.05.2017 | 30.05.2017 | Book | 302002 |
